| 000 | 00667cam a22002411 4500 | ||
|---|---|---|---|
| 001 | sa 68009973 | ||
| 003 | DLC | ||
| 005 | 20260227112549.0 | ||
| 008 | 860224s1950 io a 000 1 ind | ||
| 010 | _asa 68009973 | ||
| 035 | _a(OCoLC)13190842 | ||
| 040 |
_aDLC _cIDeKN _dDLC |
||
| 042 | _apremarc | ||
| 050 | 0 | 0 |
_aPL5089.T8 _bP42 |
| 100 | 1 |
_aToer, Pramoedya Ananta, _d1925-2006. |
|
| 240 | 1 | 0 | _aPercikan revolusi |
| 245 | 1 | 0 |
_aPertjikan revolusi / _coleh Pramoedya Ananta Toer. |
| 250 | _a[Tjet. 1]. | ||
| 260 |
_aDjakarta : _bUsaha Penerbitan Gapura, _c[1950] |
||
| 300 |
_a196 p. : _bill. ; _c18 cm. |
||
| 440 | 0 | _aRoman Gapura | |
| 500 | _aShort stories. | ||
| 999 |
_c83268 _d83268 |
||